Optimalizácia plánovania nasadeného výkonu do dennej prípravy prevádzky pre bloky JE
Salvato in:
| Autore principale: | |
|---|---|
| Altri autori: | |
| Natura: | Manoscritto Libro |
| Lingua: | slovacco |
| Pubblicazione: |
2016
|
| Soggetti: | |
| Accesso online: | http://is.stuba.sk/zp/portal_zp.pl?podrobnosti=133468 |
| Tags: |
Nessun Tag, puoi essere il primo ad aggiungerne!!
|
MARC
| LEADER | 00000ntm a22000003a 4500 | ||
|---|---|---|---|
| 001 | stuzp57822 | ||
| 003 | SK-STU | ||
| 005 | 20160719155355.5 | ||
| 007 | ta | ||
| 008 | 150427s2015----xo-----f-mn---000-0-slo-d | ||
| 040 | |a STU |b slo | ||
| 041 | 0 | |a slo | |
| 100 | 1 | |a Samseliová, Jana |u 020060 |k Z4 |4 aut |U SjF Strojnícka fakulta |T SjF Ústav energetických strojov a zariadení |X 41966 |U J0060 |Y 805 |7 A000041966 | |
| 242 | 0 | 1 | |a Performance planning optimization for daily preparation of power plant |y eng |
| 245 | 1 | 0 | |a Optimalizácia plánovania nasadeného výkonu do dennej prípravy prevádzky pre bloky JE |
| 260 | |c 2016 | ||
| 650 | 4 | |a podporné služby |2 slo | |
| 650 | 4 | |a jadrová elektráreň |2 slo | |
| 650 | 4 | |a klimatické pomery |2 slo | |
| 650 | 4 | |a climatic conditions |2 eng | |
| 650 | 4 | |a support services |2 eng | |
| 650 | 4 | |a power plant |2 eng | |
| 700 | 1 | |a Urban, František |u 020060 |k Z1 |4 ths |U SjF Strojnícka fakulta |T SjF Ústav energetických strojov a zariadení |X 2435 |U J0060 |Y 805 |7 A000002435 | |
| 856 | 4 | |u http://is.stuba.sk/zp/portal_zp.pl?podrobnosti=133468 | |
| 996 | |b 284J043908 |c J* 2198/DP |l JJSK |s A |a 24 |w stuzp57822_0001 | ||
| SQL | |a stuzp57822 |b DDP |c SLO |d Optimalizácia plánovania nasadeného výkonu do dennej prípravy prevádzky pre bloky JE |e 41966 |f Samseliová, Jana |g 020060 |h 2435 |i Urban, František |j 20160615 |k 1306 |l 02 |m http://is.stuba.sk/zp/portal_zp.pl?podrobnosti=133468 |n I-ESZ |o 5.2.6. energetické stroje a zariadenia | ||